Southville International School and Colleges
Your cart is empty.
  • Cart
  • Lists
    Public lists Eva Luna New books Lux_list list_1
    Your lists Log in to create your own lists
  • Log in to your account
  • Your cookies
  • Search history
Southville International School and Colleges
  • Advanced search
  • Recent comments
  • Most popular
  • Libraries

Log in to your account

Log in with GOOGLE


If you do not have an external account, but do have a local account, you can still log in:

  1. Home
  2. MARC view: Developmental characteristics of young children /
Normal view MARC view ISBD view

Developmental characteristics of young children / (Record no. 115691)

[ view plain ]
MARC details
000 -LEADER
fixed length control field 00805nam a2200217Ia 4500
008 - FIXED-LENGTH DATA ELEMENTS--GENERAL INFORMATION
fixed length control field 140429s9999 xx 000 0 und d
020 ## - INTERNATIONAL STANDARD BOOK NUMBER
International Standard Book Number 9789712359170
050 ## - LIBRARY OF CONGRESS CALL NUMBER
Classification number LB 1139.25
Item number .Es82 2011
100 ## - MAIN ENTRY--PERSONAL NAME
Personal name Estrada, Aurelia T.
245 ## - TITLE STATEMENT
Title Developmental characteristics of young children /
Statement of responsibility, etc Aurelia T. Estrada.
260 ## - PUBLICATION, DISTRIBUTION, ETC. (IMPRINT)
Place of publication, distribution, etc Manila :
Name of publisher, distributor, etc Rex Book Store,
Date of publication, distribution, etc c2011.
300 ## - PHYSICAL DESCRIPTION
Extent 299 p. :
Other physical details ill. ;
Dimensions 26 cm.
440 ## - SERIES STATEMENT/ADDED ENTRY--TITLE
Title (Teacher Education Academic Resources for College and Higher Education Students Series).
500 ## - GENERAL NOTE
General note Includes bibliographical references and index.
521 ## - TARGET AUDIENCE NOTE
Target audience note
650 ## - SUBJECT ADDED ENTRY--TOPICAL TERM
Topical term or geographic name as entry element Child development
General subdivision United States.
650 ## - SUBJECT ADDED ENTRY--TOPICAL TERM
Topical term or geographic name as entry element Early childhood education
General subdivision Curricula --United States.
650 ## - SUBJECT ADDED ENTRY--TOPICAL TERM
Topical term or geographic name as entry element Early childhood education
General subdivision United States.
942 ## - ADDED ENTRY ELEMENTS (KOHA)
Call number prefix Local
Koha item type Books
Holdings
Withdrawn status Lost status Source of classification or shelving scheme Damaged status Home library Current library Shelving location Date acquired Source of acquisition Total Checkouts Total Renewals Full call number Barcode Date last seen Date checked out Price effective from Koha item type
    Library of Congress Classification   College Library College Library General Circulation Section 04/29/2014 Library Fund 3 41 LB 1139.25 .Es82 2011 C16811 05/15/2018 07/18/2016 04/29/2014 Books

Developmental characteristics of young children /

APA

Estrada A. T., . (2011). Developmental characteristics of young children. Manila: Rex Book Store.

Chicago

Estrada Aurelia T, . 2011. Developmental characteristics of young children. Manila: Rex Book Store.

Harvard

Estrada A. T., . (2011). Developmental characteristics of young children. Manila: Rex Book Store.

MLA

Estrada Aurelia T, . Developmental characteristics of young children. Manila: Rex Book Store. 2011.

  • Place hold
  • Print
  • Cite
  • Add to your cart (remove)
  • Save record
    BIBTEX Dublin Core MARCXML MARC (non-Unicode/MARC-8) MARC (Unicode/UTF-8) MARC (Unicode/UTF-8, Standard) MODS (XML) RIS
  • More searches
    Search for this title in:
    Other Libraries (WorldCat) Other Databases (Google Scholar) Online Stores (Bookfinder.com) Open Library (openlibrary.org)

Exporting to Dublin Core...

SOUTHVILLE LIBRARY

Southville International School and Colleges Library

1281 Tropical Ave. Cor. Luxembourg St., BF Homes International, Las Pinas City

Tel. No. 8256374 / 252358 Loc. 117/146

Powered by Koha